000 00581nam a22001937a 4500
999 _c11754
_d11754
003 AR-CdUCM
008 190404b ||||| |||| 00| 0 spa d
040 _aMUNICIPALIDAD PROVINCIAL DEL CUSCO
_cBIBLIOTECA MUNICIPAL DEL CUSCO
082 _a262.8 /
_bR33 / 1930
100 _aS.S. Padres
_929265
245 _aDocumentos pontificios /
260 _aSantiago de Chile :
_bLa economia,
_c1930.
300 _a365 paginas ;
_c18 cm.
505 _aContenido :Documentos Pontificios /
650 _aReligion
_91195
650 _aCulto
_916636
942 _2ddc
_cLIBROS
945 _arjall